LDR 00669naa#a2200193#i#450# 001 EN\\bibl\123441 005 20260705171829.7 011 ## _a1994-4683 100 ## _a20230731b2023####ek#y0engy0150####ca 102 ## _aRU 200 1# _aFEATURES OF PSYCHOLOGICAL SUPPORT ATHLETES IN THE RUSSIAN FAR EAST _eJournal article 210 1# _aMoscow _cNational State University of Physical Education, Sports and Health named after P.F. Lesgaft _d2023 215 ## _a3 с. 608 ## _aJournal article _2local 675 ## _aПсихология. 159.9 _z 700 #1 _aByankina _gLarisa Vladimirovna 700 #1 _aPavlyuk _gGeorgiy Bogdanovich 700 #1 _aSuprun _gS A 856 4# _auchzapiski.lesgaft.spb.ru _u